Acteurs-réalisateurs - Statistiques

Statistiques générales
  • Ce quiz a été pris 86 fois
  • Le résultat moyen est 17 sur 66
Statistiques - réponses
Films Cinéaste % Correct
Josey Wales hors-la-loi, Impitoyable, Million Dollar Baby Clint Eastwood
72%
Platane, La Tour de contrôle infernale, Problemos Éric Judor
68%
Le Cirque, Les Lumières de la ville, Un roi à New York Charles Chaplin
67%
Le Pari, L'Extra-terrestre, Les Rois Mages Didier Bourdon
61%
Les Keufs, Ma vie est un enfer, Gazon maudit Josiane Balasko
61%
Jour de fête, Mon oncle, Playtime Jacques Tati
60%
Fatal, Vive la France Michaël Youn
57%
L'Enfant Sauvage, La Nuit Américaine, La Chambre Verte François Truffaut
56%
Le Bal des vampires, Quoi ?, Le Locataire Roman Polanski
56%
Les Glaneurs et la Glaneuse, Les Plages d'Agnès, Visages villages Agnès Varda
55%
Prends l'oseille et tire-toi, Zelig, Maris et femmes Woody Allen
49%
J'ai tué ma mère, Les Amours Imaginaires, Tom à la ferme Xavier Dolan
49%
Un jour à New York, Chantons sous la pluie, Beau fixe sur New York Gene Kelly
48%
Merci patron !, J'veux du soleil François Ruffin
45%
Babysitting, Alibi.com, Nicky Larson et le Parfum de Cupidon Philippe Lacheau
45%
Easy Rider, The Last Movie, Garçonne Dennis Hopper
43%
La Soif du mal, Falstaff, Vérités et mensonges Orson Welles
43%
Seuls two, Hibou Ramzy Bedia
41%
Roger et moi, The Big One, Sicko Michael Moore
39%
L'Albatros, À mort l'arbitre, La Machine à découdre Jean-Pierre Mocky
36%
Partie de campagne, La Règle du jeu, Le Testament du docteur Cordelier Jean Renoir
36%
Tournée, La Chambre Bleue, Barbara Mathieu Amalric
36%
Le Testament d'Orphée Jean Cocteau
32%
La messe est finie, Palombella rossa, Habemus papam Nanni Moretti
32%
Faces, Husbands, Opening Night John Cassavetes
31%
Hana-bi, Zatoichi, Glory to the Filmmaker Takeshi Kitano
29%
King Lear, Histoire(s) du cinéma, Notre musique Jean-Luc Godard
28%
Pater Alain Cavalier
25%
Les Lois de l'hospitalité, Sherlock Junior, Cadet d'eau douce Buster Keaton
24%
Ceci n'est pas un film, Taxi Téhéran, Trois visages Jafar Panahi
24%
La Hyène Intrépide, Le Marin des mers de Chine, Police Story Jackie Chan
23%
Saute ma ville, Je tu il elle, News from Home Chantal Akerman
21%
Le Camion Marguerite Duras
20%
Le Nouveau Testament, Le Roman d'un tricheur, Faisons un rêve Sacha Guitry
20%
Promène-toi donc tout nu !, Laissons Lucie faire !, Un baiser s'il vous plaît ! Emmanuel Mouret
17%
Le Dingue du palace, Le Tombeur de ces dames, Les Tontons farceurs Jerry Lewis
16%
Gare centrale, Le Sixième Jour, Alexandrie encore et toujours Youssef Chahine
16%
L'amour est plus fort que la mort, Prenez garde à la sainte putain, Le Droit du plus fort Rainer Werner Fassbinber
15%
Chassé-croisé, Les Pyramides Bleues, Alien Crystal Palace Arielle Dombasle
13%
Le Clan des irréductibles, L'Affrontement Paul Newman
12%
La Cicatrice Intérieure, L'Enfant Secret, Les Baisers de secours Philippe Garrel
12%
La Vengeance Morsay
11%
Le Soupirant, Yoyo, Tant qu'on a la santé Pierre Étaix
11%
Wanda Barbara Loden
9%
Genèse d'un repas, Essai d'ouverture, Le Prestige de la mort Luc Moullet
9%
Meshes of the Afternoon, At Land, Ritual in Transfigured Time Maya Deren
9%
Octobre, L'Idiot, Par exemple Électre Pierre Léon
9%
Wesh wesh qu'est-ce qui se passe ?, Dernier maquis, Les Chants de Mandrin Rabah Ameur-Zaïmeche
9%
L'Homme orchestre, Le Voyage à travers l'impossible, Le Tunnel sous la Manche Georges Méliès
8%
Souvenirs de la maison jaune, La Comédie de Dieu, Va et vient João César Monteiro
8%
Maris aveugles, Folies de femmes, La Symphonie Nuptiale Erich von Stroheim
7%
The Bigamist Ida Lupino
7%
Les yeux ne veulent pas en tout temps se fermer, Un héritier Jean-Marie Straub
7%
Terje Vigen, Les Proscrits, La Charrette fantôme Victor Sjöström
7%
L'Arrière Pays, La Chatte à deux têtes, Avant que j'oublie Jacques Nolot
5%
Visa de censure n°X, New Old, À l'ombre de la canaille bleue Pierre Clémenti
5%
Koridorius, Indigène d'Eurasie, Peace to Us in our Dreams Sharunas Bartas
5%
Comment j'ai appris à surmonter ma peur et à aimer Ariel Sharon, Août avant l'explosion, Pour un seul de mes deux yeux Avi Mograbi
4%
Notre-Dame des Turcs, Capricci, Salomè Carmelo Bene
4%
Trous de mémoire, À vot' bon cœur, Le Cancre Paul Vecchiali
4%
La Rivière Subarnarekha, Une rivière nommée Titas, Raisons discussions et un conte Ritwik Ghatak
4%
Babel, Mes entretiens filmés, Funérailles (de l'art de mourir) Boris Lehman
3%
Le Pélican, Jusqu'au bout de la nuit Gérard Blain
3%
The Quest, Soldiers, Full Love Jean-Claude Van Damme
1%
Backyard, Sherman's March, Time Indefinite Ross McElwee
1%
Le Desperado, Les Aventures de Buffalo Bill, L'Étrange Aventure Joë Hamman
0%
Aucun quiz correspondant
Distribution des résultats
% des personnes avec chaque résultat
Percentile par nombre de réponses
Votre historique - résultats
Vous n’avez pas pris ce quiz